000 02008cam a2200457 a 4500
001 14116696
003 ARRUPE
005 20211026101537.0
008 050922s2006 enka b 001 0deng
010 _a 2005027735
015 _aGBA603660
_2bnb
016 7 _a013354006
_2Uk
020 _a0198566255 (acidfree paper)
020 _a9780198566250 (acidfree paper)
035 _a(OCoLC)ocm61703956
040 _aDLC
_cDLC
_dBAKER
_dBWKUK
_dUKM
_dDLC
041 1 _aeng
_hita
043 _ae-it---
050 0 0 _aQ155
_b.G28513 2006
082 0 0 _a509/.032
_222
100 1 _aGalilei, Galileo,
_d1564-1642.
_911368
240 1 0 _aWorks.
_kSelections.
_lEnglish.
_f2006
245 1 0 _aThus spoke Galileo :
_bthe great scientist's ideas and their relevance to the present day /
_cAndrea Frova and Mariapiera Marenzana ; translated by Jim McManus in collaboration with the authors.
260 _aOxford ;
_aNew York :
_bOxford University Press,
_c2006.
300 _axx, 493 p. :
_bill. ;
_c23 cm.
500 _aTranslation of: Parola di Galileo.
504 _aIncludes bibliographical references (p. [483]-484) and index.
546 _aTranslated from the Italian.
600 1 0 _aGalilei, Galileo,
_d1564-1642.
_911368
650 0 _aScience
_vEarly works to 1800.
_950618
650 0 _aAstronomy
_vEarly works to 1800.
_913920
650 0 _aScientists
_zItaly.
_950619
700 1 _aFrova, Andrea,
_d1936-
_950620
700 1 _aMarenzana, Mariapiera.
_950621
856 4 1 _3Table of contents only
_uhttp://www.loc.gov/catdir/toc/ecip0519/2005027735.html
856 4 2 _3Publisher description
_uhttp://www.loc.gov/catdir/enhancements/fy0637/2005027735-d.html
856 4 2 _3Contributor biographical information
_uhttp://www.loc.gov/catdir/enhancements/fy0724/2005027735-b.html
906 _a7
_bcbc
_corignew
_d1
_eecip
_f20
_gy-gencatlg
942 _2lcc
_cMONOGRAPH
999 _c130952
_d130952